| 000 | 00613nam a2200217 a 4500 | ||
|---|---|---|---|
| 020 | _a0028619269 (pbk.) | ||
| 040 | _cMiMtcM | ||
| 082 | 0 | 0 | _a808 MAC 1998 A093 Or. |
| 100 | 1 | _aField, Shelly. | |
| 245 | 1 | 0 | _a100 best careers for writers and artists / |
| 246 | 3 | _aOne-hundred best careers for writers and artists | |
| 246 | 1 | _aArco. | |
| 246 | 3 | _aArco 100 best careers for writers and artists | |
| 260 |
_aNew York, NY : _bMacmillan, _cc1998. |
||
| 300 |
_axiii, 274 p. ; _c24 cm. |
||
| 500 | _a"An Arco book." | ||
| 500 | _aIncludes index. | ||
| 650 | 0 | _aAuthorship | |
| 650 | 0 | _aArtists | |
| 942 | _cEK | ||
| 999 |
_c12742 _d12742 |
||